000
00317nam a2200133Ia 4500
008
220204s9999 xx 000 0 und d
082
_a
621.3.025
_b
SAY
100
_a
Say, M G
245
0
_a
Alternating current machines
250
_a
4
260
_a
London
_b
ELBS
_c
1970
650
_a
Alternating current
942
_c
BK
999
_c
26701
_d
26701